| 000 | 04089nam a22003017a 4500 | ||
|---|---|---|---|
| 003 | DO-SdBJH | ||
| 005 | 20260220214445.0 | ||
| 008 | 260128b2025 |||o|||| |||| 00| 0 spa d | ||
| 040 |
_aDO-SdBJH _bspa _cDO-SdBJH |
||
| 041 | 0 | _aspa | |
| 090 |
_aCT MA-SDN 0011 _bEGAEE 2025 |
||
| 100 | 1 |
_aCalderón Hernández, Carlos _esustentante |
|
| 245 | 1 | 0 |
_aSistema Nacional de inteligencia - interacción interagencial y su incidencia en la seguridad y defensa de la República Dominicana / _cCarlos Calderón Hernández, José M. Mañón Selmo ; asesor de contenido Luis Rafael Herrera Almonte ; asesor metodológico César A. Thomas Castillo. |
| 260 |
_aSanto Domingo, República Dominicana : _bUNADE, _c2025. |
||
| 300 |
_axxiv, 94 [17] páginas : _bfotografías. |
||
| 502 | _aTesis y trabajos de grado (Maestría en Seguridad y Defensa Nacional)--Universidad Nacional para la Defensa "General Juan Pablo Duarte y Díez", Santo Domingo, 2025. | ||
| 504 | _aIncluye referencias bibliográficas y anexos. | ||
| 505 | _aPrincipales agencias de inteligencia nacionales, sus roles específicos, y nivel de cooperación y coordinación -- Impacto de la interacción interagencial en la respuesta a amenazas a la seguridad nacional -- Limitaciones de la interacción interagencial en el Sistema Nacional de Inteligencia de la República Dominicana durante el período 2020-2024. | ||
| 520 | _aEsta investigación aborda de manera analítica El Sistema Nacional de Inteligencia de la República Dominicana y la interacción y colaboración existente entre las diferentes agencias del Estado. Entre ellas se señalan los distintos organismos de las Fuerzas Armadas como son la Dirección de Inteligencia del Estado Mayor conjunto (J-2), el auxiliar de inteligencia de Mayor de Estado Mayor del Ejército de República Dominicana (G-2), la División de Inteligencia Naval de la Armada de República Dominicana (M-2), la Dirección de Inteligencia de la Fuerza Aérea de República Dominicana (A-2), el Departamento Nacional de Investigaciones (DNI), por la Policía Nacional la Dirección de Inteligencia (DINTEL), entre otras agencias relacionadas directa o indirectamente a la seguridad y defensa del país. Estas agencias representan una un bastión fundamental en la prevención y mitigación de las amenazas contemporáneas como son el narcotráfico, la trata de personas, el crimen organizado, el terrorismo, que ponen en riesgo la paz y la estabilidad del Estado Dominicano. Desde el punto de vista metodológico, en esta investigación se utilizó un enfoque cualitativo con un diseño no experimental y descriptivo, amparándose en la revisión de documentos oficiales e institucionales analizando casos prácticos en donde se estudia la interacción y los mecanismos de cooperación utilizados entre los diferentes organismos. Se observan elementos fundamentales como el intercambio de información, la eficiencia de operaciones conjuntas y la interoperabilidad tecnológica entre agencias, que son indispensables para la petición obtención de resultados alineados a la protección de los intereses nacionales. También se analiza las debilidades que limitan su accionar, como son la duplicidad de funciones, limitación en los recursos y los sistemas tecnológicos obsoletos. En definitiva, esta investigación apunta al análisis a groso modo de la interacción existente entre las agencias de inteligencia y como su accionar impacta en la seguridad del Estado Dominicano. Los resultados obtenidos buscan proponer recomendaciones que mejoren el accionar conjunto de estos organismos y brinden una mayor estabilidad al país. | ||
| 610 |
_aRepública Dominicana _bFuerzas Armadas _bSistema Nacional de Inteligencia |
||
| 610 |
_aRepública Dominicana _bPolicía Nacional |
||
| 650 |
_aCrimen Organizado _zRepública Dominicana |
||
| 650 |
_aNarcotráfico _zRepública Dominicana |
||
| 700 | 1 |
_esustentante _aMañón Selmo, José M. |
|
| 700 | 1 |
_aHerrera Almonte, Luis Rafael _easesor de contenido |
|
| 700 | 1 |
_aThomas Castillo, César A. _easesor metodológico |
|
| 942 |
_2CL _cT |
||
| 999 |
_c8571 _d8571 |
||